| 000 | 00874cam a2200253 i 4500 | ||
|---|---|---|---|
| 001 | 105675 | ||
| 005 | 20230410143157.0 | ||
| 008 | 111011s1992 ck a 000 0 spa | ||
| 020 | _a9586001407 | ||
| 041 | 0 | _aspa | |
| 050 | 1 | 4 | _abO35s 1992 |
| 100 | 1 |
_aOgliastri Uribe, Enrique, _d1933- |
|
| 245 | 1 | 3 |
_aEl sistema japones de negociación : _bla experiencia de América Latina / _cEnrique Ogliastri, revisión técnica Fernando Barbosa Politólogo Universidad de los Andes. |
| 260 |
_aSantafe de Bogotá : _bMcGraw-Hill, _c1992. |
||
| 300 | _axxiii, 124 p. | ||
| 650 | 4 | _aCRV | |
| 650 | 4 | _aColección René Villareal. | |
| 650 | 4 |
_aNegociación _zJapón |
|
| 650 | 4 |
_aNegociaciones diplomáticas _zJapón |
|
| 650 | 4 |
_aEmpresas internacionales _zJapón |
|
| 650 | 4 |
_aJapón _xRelaciones económicas exteriores _zAmérica Latina |
|
| 942 |
_2lcc _cbk |
||
| 946 | _accruz | ||
| 999 |
_c97144 _d97144 |
||